Parakultural /

Fotos emblemáticas del periodismo gráfico argentino de los últimos 35 años cuentan la historia de la Argentina reciente. La serie se sumerge en los archivos fotográficos y se acerca a los hechos desde imágenes que condensan simbólicamente mucho más que lo fotografiado. Se trata de una mirada que, ad...

Descripción completa

Guardado en:
Autor Principal: Avruj, Nicolás.
Autor Corporativo: Canal Encuentro.
Formato: Deslizar
Publicado: Argentina, 2013
Series:Fotos. Retrato de un país
Materias:
Etiquetas: Agregar Etiqueta
Sin Etiquetas, Sea el primero en etiquetar este registro!
LEADER 02060ngm a22003375g 4500
001 CEM.cems023927
008 130507s2013##################0###0#####d
005 20250716162314.0
245 1 0 |a Parakultural /  |c Nicolás Avruj, Fernando Zuber y Diego Lerman. 
260 |a Argentina,  |c 2013 
300 |a 28'. 
490 0 |a Fotos. Retrato de un país 
500 |a Consultar en ventanilla. 
520 |a Fotos emblemáticas del periodismo gráfico argentino de los últimos 35 años cuentan la historia de la Argentina reciente. La serie se sumerge en los archivos fotográficos y se acerca a los hechos desde imágenes que condensan simbólicamente mucho más que lo fotografiado. Se trata de una mirada que, además de detenerse en lo estético, se plantea un relato fotográfico de la historia. -- El Parakultural o Centro Parakultural fue un centro artístico multidisciplinario ubicado en la Ciudad de Buenos Aires. El centro se convirtió, a mediados de la década de 1980 y principios de la década de 1990, en paradigma de la Cultura underground porteña, y principal centro de expresión de una movida artística que se había gestado durante el final de la última dictadura y los primeros años de democracia, durante el gobierno del Presidente Raúl Alfonsín. El lugar sirvió, además, para el desarrollo de artistas que accederían, ya en la década de 1990, a los medios masivos de comunicación, y sentarían las bases para una nueva generación de artistas. 
538 |a Soporte: DVD - Formato: AVI - Resolución: 720 x 540 - Grabación DRD 
100 1 |a Avruj, Nicolás. 
710 2 |a Canal Encuentro. 
082 9 8 |/ AVR-2 
653 |a HISTORIA 
653 |a HISTORIA ARGENTINA 
653 |a FOTOS 
653 |a FOTOGRAFIA 
653 |a FOTOGRAFIA ARGENTINA 
653 |a RADICALISMO 
653 |a ALFONSIN 
653 |a ALFONSINISMO 
653 |a DEMOCRACIA 
653 |a GOBIERNO DE ALFONSIN 
653 |a CULTURA 
653 |a SERIE DE TELEVISIÓN 
859 |a CEMS  |b BIB. CEMS - Depto. Recursos Didacticos  |h 982  |i AVR-2  |k DRD  |p 2570.15  |t Ej.1